Enseignants de fiction - Statistiques

Statistiques générales
  • Ce quiz a été pris 31 fois
  • Le résultat moyen est 9 sur 32
Statistiques - réponses
Enseignant de fiction Univers % Correct
Minerva McGonagall Harry Potter
93%
Indiana Jones Indiana Jones
90%
Professeur Latouche Ducobu
59%
Monsieur Koro Assassination Classroom
52%
Eikichi Onizuka GTO
52%
Antoine Polochon Les Profs
48%
Shota Aizawa My Hero Academia
45%
Ross Geller Friends
41%
Satoru Gojo Jujutsu Kaisen
41%
Iruka Umino Naruto
41%
Jane Eyre Jane Eyre
34%
Joseph Pagnol La Gloire de mon père
34%
Julien Sorel Le Rouge et le Noir
34%
Annalise Keating Murder
31%
John Keating Le Cercle des poètes disparus
28%
Edna Krapabelle Les Simpson
28%
Sœur Mary Clarence Sister Act 2
28%
Mademoiselle Bille-en-tête Le bus magique
24%
Haley James Scott Les Frères Scott
17%
Robert Langdon Da Vinci Code
14%
Will Schuester Glee
10%
Lily Aldrin How I Met Your Mother
10%
Mina Harker Dracula
7%
Pierre Arronax Vingt mille lieues sous les mers
7%
Roger Harrington Spider-Man
3%
Coach Finstock Teen Wolf
3%
Terence Fletcher Whiplash
3%
Roy Hanson Gremlins
0%
Gérard Barbier Le Maître d'école
0%
Laurent Monier Le plus beau métier du monde
0%
Professeur Ursula Little Witch Academia
0%
John Kimble Un prof à la maternelle
0%
Aucun quiz correspondant
Distribution des résultats
% des personnes avec chaque résultat
Percentile par nombre de réponses
Votre historique - résultats
Vous n’avez pas pris ce quiz